|
|
|
|
| LEADER |
00000nam2a2200000 4500 |
| 001 |
325243 |
| 005 |
20231102003739.0 |
| 035 |
|
|
|a (RuTPU)RU\TPU\book\350856
|
| 035 |
|
|
|a RU\TPU\book\331845
|
| 090 |
|
|
|a 325243
|
| 100 |
|
|
|a 20161201d1978 k y0rusy50 ca
|
| 101 |
0 |
|
|a rus
|
| 102 |
|
|
|a RU
|
| 105 |
|
|
|a a z 001zy
|
| 200 |
0 |
|
|a [Вып. 8]
|
| 210 |
|
|
|d 1978
|
| 215 |
|
|
|a 161 с.
|c ил.
|
| 320 |
|
|
|a Библиография в конце статей
|
| 461 |
|
1 |
|0 (RuTPU)RU\TPU\book\44592
|t Вычислительная техника в автоматизированных системах контроля и управления
|o межвузовский сборник научных трудов
|f Пензенский политехнический институт
|v [Вып. 8]
|d 1973-1991
|
| 606 |
1 |
|
|a Автоматизированные системы планирования и управления предприятием
|x Вычислительные устройства
|2 stltpush
|3 (RuTPU)RU\TPU\subj\661
|9 29496
|
| 606 |
1 |
|
|a Автоматические системы управления
|x Вычислительные устройства
|2 stltpush
|3 (RuTPU)RU\TPU\subj\815
|9 29621
|
| 610 |
1 |
|
|a теория
|
| 610 |
1 |
|
|a исследования
|
| 610 |
1 |
|
|a проектирование
|
| 610 |
1 |
|
|a применение
|
| 610 |
1 |
|
|a автоматический контроль
|
| 610 |
1 |
|
|a управляющие системы
|
| 610 |
1 |
|
|a реальное время
|
| 610 |
1 |
|
|a системы реального времени
|
| 610 |
1 |
|
|a алгоритмы
|
| 610 |
1 |
|
|a диагностика
|
| 610 |
1 |
|
|a цифровые устройства
|
| 610 |
1 |
|
|a схемы
|
| 675 |
|
|
|a 658.012.011.56:681.3
|v 3
|
| 675 |
|
|
|a 681.51:681.3
|v 3
|
| 801 |
|
1 |
|a RU
|b 63413507
|c 20151008
|
| 801 |
|
2 |
|a RU
|b 63413507
|c 20171206
|g RCR
|
| 942 |
|
|
|c BK
|